000 00871nam a22002537a 4500
005 20170202140311.0
008 130813b2012 ck ||||| |||| 00| 0 spa d
020 _a9789587401301
041 _aspa
044 _ack
082 _a574.526
_bC822b
245 _aBioprospección para el desarrollo del sector agropecuario de Colombia
260 _aBogotá
_bCORPOICA
_c2012
300 _a195 p.
_c24 cm.
650 _aGenética vegetal
_91481
650 1 6 _aBiotecnología agrícola
_9462
650 1 6 _aMejoramiento genético
_xtécnicas
_91483
650 1 6 _aBioprospección
_xaplicaciones
_91484
650 _aAdaptación (Biología)
_91485
650 _91482
_aAgronomía
700 _aCotes-Prado, Alba Marina
_91486
700 _aBarreto-Meneses, Luz Stella
_qhttp://192.168.1.5:8080/cgi-bin/koha/cataloguing/addbiblio.pl?frameworkcode=#
_91487
942 _2ddc
_cImpreso
999 _c7547
_d7547